[Event "Rohde op 08th"]
[Site "Sautron"]
[Date "2008.10.29"]
[Round "6"]
[White "Lafuente, Pablo"]
[Black "Gagunashvili, Merab"]
[Result "1/2-1/2"]
[WhiteElo "2522"]
[BlackElo "2576"]
[Annotator "Primel,D"]
[PlyCount "49"]
[EventDate "2008.10.25"]
[EventType "swiss"]
[EventRounds "9"]
[EventCountry "FRA"]
[SourceTitle "EXT 2009"]
[Source "ChessBase"]
[SourceDate "2008.11.26"]
[SourceVersion "1"]
[SourceVersionDate "2008.11.26"]
[SourceQuality "1"]

1. d4 {Les deux joueurs étaient seuls en tête du tournoi après la 5ème ronde
avec 4,5/5} d5 2. c4 c6 3. Nc3 Nf6 4. e3 e6 {Une petite surprise pour
l'argentin car GAGUNASHVILI joue plus souvent la Slave avec Bf5 que la
semi-Slave qu'il n'avait pas utilisée depuis plusieurs années} (4... Bf5 5. Bd3
{Maiorov,N (2530)-Gagunashvili,M (2576) Rohde op 8th 2008 (9.1) 1/2}) 5. Nf3 a6
{[%cal Gb7b5] une ligne secondaire} (5... Nbd7 {la grande ligne} 6. Bd3 Be7 (
6... dxc4 $142) 7. O-O O-O 8. b3 {Kantaria,M (2101)-Gagunashvili,M (2405)
GEO-ch U16 Tbilisi 2001 0-1} (8. e4)) 6. c5 {[%csl Rb6]} (6. Qc2) (6. b3 Bb4)
6... b6 {Luttant rapidement pour l'espace avant que les blancs ne puissent
consolider l'aile-dame par b4 dans des bonnes conditions} (6... Nbd7 7. b4 g6
8. Bd3 (8. Bb2 Bg7 9. Be2 O-O 10. O-O Qc7 {[%cal Ge6e5]})) 7. cxb6 (7. b4 $143
a5 $132) 7... Nbd7 (7... Qxb6 8. Na4 $14 {[%cal Ga4b6,Ga4c5]}) 8. Bd3 (8. Na4
Nxb6 9. Bd2 {[%cal Gd2a5]} Nxa4 10. Qxa4 Bd7 11. Qc2 $14 {[%csl Rd7];Nielsen,P
(2626)-Krivoshey,S (2495) Bundesliga 0304 2003 (5.2) 1/2}) 8... Qxb6 9. O-O c5
10. b3 (10. Na4 $5 Qa7 11. b3 (11. Ne5 $5 Nxe5 12. dxe5 Nd7 13. e4 d4 14. f4 {
[%cal Gf4f5]}) 11... cxd4 12. exd4 Bd6 13. Bb2 $11 {[%csl Ra7,Ge5];Gustafsson,
J (2579)-Godena,M (2533) ACP Blitz Prelim2 2004 (6) 1-0}) 10... cxd4 11. exd4
Bb7 $146 (11... Bd6 12. Bb2 O-O 13. Qe2 Bb7 14. Na4 Qa7 15. Ne5 Rac8 16. Kh1
Be7 17. Rae1 Bb4 18. Rd1 a5 19. a3 Be7 20. Rde1 Qb8 21. Bb5 Rc7 22. Nxd7 {
1/2-1/2 Kramnik,V (2739)-Dreev,A (2694)/Moscow 2005/CBM 111}) 12. Qe2 (12. Bb2
{[%csl Ge5]}) 12... Be7 13. Bb2 {Le coup naturel mais les blancs n'obtiennent
pas grand-chose avec ce plan} (13. Bg5 O-O 14. Rac1 Ba3 $1 $11) 13... O-O 14.
Rac1 Rfc8 $11 {[%cal Ga6a5,Ga5a4]} 15. Rc2 {[%cal Gf1c1]} (15. Rfd1) 15... Qd8
16. Rfc1 Bf8 17. Ne5 $1 Nxe5 18. dxe5 Nd7 19. Na4 {[%csl Gd4]} (19. Qh5 $143 g6
) 19... g6 {[%csl Rf6]} 20. Qe3 (20. f4) 20... Rxc2 21. Rxc2 Rc8 22. Rxc8 (22.
Qc1 Rxc2 23. Qxc2 d4 $1 24. Bxd4 Qg5 $36 {[%csl Gb7,Rg2]}) 22... Qxc8 23. Bd4
Bb4 24. h4 Ba3 25. Kh2 (25. h5) 1/2-1/2

[Event "Rohde op 09th"]
[Site "Sautron"]
[Date "2009.10.29"]
[Round "7"]
[White "Le Roux, Jean Pierre"]
[Black "Agrest, Evgenij"]
[Result "1/2-1/2"]
[WhiteElo "2474"]
[BlackElo "2588"]
[Annotator "Primel,D"]
[PlyCount "119"]
[EventDate "2009.10.24"]
[EventType "swiss"]
[EventRounds "9"]
[EventCountry "FRA"]
[SourceTitle "EXT 2010"]
[Source "ChessBase"]
[SourceDate "2010.11.25"]
[SourceVersion "1"]
[SourceVersionDate "2010.11.25"]
[SourceQuality "1"]

1. c4 c6 2. Nf3 d5 3. e3 Nf6 4. Nc3 a6 5. d4 e6 6. b3 Bb4 7. Bd2 Bd6 $5 {
[%cal Gc6c5] Une idée récente dans cette ligne de la semi-slave et la perte de
temps n'est pas trop grave au regard du caractère fermé de la position et du
placement passif du Bd2. Le suédois a des bons résultats avec cette ligne} (
7... Nbd7 {La grande ligne}) (7... O-O) 8. Rc1 $146 {la préparation du
guingampais et c'est une idée logique puisque le plan des noirs est de pousser
c6c5 rapidement} (8. Bd3 c5 9. O-O O-O 10. cxd5 exd5 11. e4 (11. dxc5 Bxc5 {
Nyback,T (2567)-Agrest,E (2541) Politiken Cup 29th 2007 (9) 1/2}) 11... cxd4
12. Nxd5 Nxd5 13. exd5 Bg4 14. h3 Bh5 15. g4 Bg6 16. Bg5 f6 17. Bh4 Bxd3 18.
Qxd3 g5 19. Bg3 Bxg3 20. fxg3 Qxd5 21. Qxd4 Qxd4+ 22. Nxd4 Nd7 {Roiz,M (2677)
-Agrest,E (2574)/Dresden 2008/CBM 128/1/2-1/2 (36)}) (8. Qc2 {l'alternative}
O-O 9. g3 $5 {Sasikiran,K (2694)-Roiz,M (2677) Pamplona-A 18th 2008 (6) 1-0})
8... O-O 9. Bd3 c5 $5 {[%cal Gc5d4] l'idée centrale de la variante Bd6} 10.
dxc5 {20} Bxc5 {17} 11. cxd5 exd5 12. Ne2 {[%csl Gd4]} (12. Na4 $5 {[%csl Ra8,
Rc8][%cal Ga4c5,Ga4b6] semblait plus logique dans cette structure de TARRASCH}
Bd6 (12... Ba3 13. Rxc8 $1 Qxc8 14. Nb6) 13. Rxc8 Qxc8 14. Nb6) 12... Ba3 $1
13. Rc2 Nc6 $11 14. O-O Bg4 15. Ng3 {42} Bd6 {42 egalité parfaite au temps!}
16. Bc3 Bxg3 $5 17. hxg3 Ne4 {[%cal Ge4g5,Gg5f3,Gg4d1]} 18. Bxe4 (18. Qa1 $5 {
[%csl Rg7][%cal Gc3g7] Une autre option pour garder la paire de B} Nxc3 19.
Qxc3 Re8 20. Nd4 Rc8 {[%cal Gc8c3,Gc6e5]} 21. Nf5 $14) 18... dxe4 19. Qxd8
Rfxd8 20. Ne5 {75} Nxe5 {52} 21. Bxe5 Rac8 22. Rfc1 Rxc2 23. Rxc2 Rd1+ 24. Kh2
h5 (24... Rf1 {[%csl Rf2]}) 25. b4 {82} Rb1 {60} 26. Bd6 Bd7 (26... f6 {
[%cal Gg8f7,Gf7e6]}) 27. Rc7 Bc6 28. a4 {[%cal Gb4b5]} Bxa4 29. g4 $1 {Le GMI
va essayer en vain de gagner cette finale égale.} (29. Rxb7 Rb2) 29... Rd1 (
29... h4 $5 30. Kh3 $2 Rh1+) 30. Be7 hxg4 31. Rxb7 Bb5 32. Bc5 Rb1 33. Re7 Bd3
34. Rc7 Rb3 35. Kg3 Rb2 $132 {[%csl Rf2]} 36. Re7 Rc2 37. Ra7 Bb5 38. Rc7 Ra2
39. Ra7 Bc4 40. Re7 Be6 41. Rb7 Kh7 42. Rb6 Bc4 43. Bd4 Re2 44. Bc5 Rc2 45. Rb7
Kg6 $11 46. Rb6+ Kh7 (46... f6 47. Rb7 {[%csl Rg7][%cal Gc5f8]} Bb3 48. Bf8 Bf7
$141 $1) 47. Rb7 Rb2 48. Rc7 Bd5 49. Rd7 Bc4 50. Rc7 Be6 51. Ra7 Ra2 52. Rb7
Kg6 53. Bd4 Bc4 54. Rb6+ Kh7 55. Rb7 Kg6 56. Rb6+ Be6 57. Rb7 Rc2 58. Rb6 Ra2
59. Rb7 Rc2 60. Bc5 {[%mdl 8]} 1/2-1/2

[Event "Rohde op 09th"]
[Site "Sautron"]
[Date "2009.10.25"]
[Round "2"]
[White "Spassov, Liuben"]
[Black "Potkin, Vladimir"]
[Result "0-1"]
[WhiteElo "2434"]
[BlackElo "2615"]
[Annotator "Primel,D"]
[PlyCount "48"]
[EventDate "2009.10.24"]
[EventType "swiss"]
[EventRounds "9"]
[EventCountry "FRA"]
[SourceTitle "EXT 2010"]
[Source "ChessBase"]
[SourceDate "2010.11.25"]
[SourceVersion "1"]
[SourceVersionDate "2010.11.25"]
[SourceQuality "1"]
[TimeControl "40/6000+30:1800+30"]

1. d4 d5 2. c4 e6 3. Nc3 c6 4. e3 Nf6 5. Nf3 Nbd7 6. Qc2 Bd6 7. b3 {Une
variante solide qui permet aux blancs а la fois de surcontroler la case "e5"
par Bb2 tout en évitant de perdre un tempo sur dc4 lorsque ils vont jouer Be2
ou Bd3} (7. Be2) (7. Bd3) 7... O-O 8. Be2 (8. Bb2 $143 e5 $132) 8... b6 9. O-O
Bb7 10. Bb2 Qe7 {La ligne principale} (10... Rc8 {[%cal Gc8c2]}) 11. Rad1 Rfe8
(11... Rad8 12. Rfe1 Rfe8 13. Bd3 {RR} c5 14. cxd5 exd5 15. Bf5 h6 16. g3 Bc6
17. Bh3 Nf8 18. Nh4 g6 19. Nf3 Ne6 20. Bg2 Bb8 21. Ba1 Bb7 22. Ne2 Ne4 23. Nf4
Kh7 24. h4 cxd4 25. Nxd4 Nxd4 26. Bxd4 Rc8 27. Qb2 h5 28. Rc1 {Spassov,L (2396)
-Rodriguez Guerrero,E (2467)/Albacete 2005/CBM 108 ext/0-1 (44)}) 12. Rfe1 (12.
e4) 12... Bb4 $5 {la dernière mode en 2009} (12... Rad8) 13. Nd2 $5 $146 {
[%cal Ge3e4,Gd2e4,Gc3e4] Une idée intéressante qui amoindrit le clouage du Bb4
sur la Re1 tout en préparant la poussée "e4" mais c'est au détriment d'un
tempo important} ({RR} 13. Bf1 h6 14. Rc1 a6 15. Red1 Rac8 16. Qb1 Bd6 17. g3
c5 18. cxd5 exd5 19. dxc5 Bxc5 20. Nd4 Ng4 21. Nf5 Qe6 22. Bg2 Ndf6 23. Rf1 Bf8
24. h3 Ne5 25. Nd4 Qd7 26. Nce2 Ne4 27. Rxc8 Rxc8 {Matlakov,M (2574)-Motylev,A
(2710)/Ulan Ude 2009/CBM 132/}) (13. Bd3 Rac8 14. a3 Bxc3 15. Bxc3 c5 16. Ne5
$14 {Papin,V (2457)-Grachev,B (2655) Moscow op-A 2009 (3) 1-0}) 13... Rac8 $11
{[%cal Gc8c2,Gc6c5]} (13... e5 14. cxd5 cxd5 15. dxe5 Nxe5 {[%csl Rd5]}) 14. a3
(14. f4 $5 {[%csl Ge5]} c5 15. a3 Bxc3 16. Bxc3 $14 {[%csl Gc3,Ge2]}) 14... Bd6
(14... Bxa3 $2 15. Bxa3 Qxa3 16. Ra1 {[%cal Ga1a7]}) 15. Nf3 (15. b4 c5 $1 16.
bxc5 bxc5 17. Bf3 {[%cal Gf3b7]} Nb6 $132 {[%csl Rc4][%cal Gb6c4]}) (15. e4 {
Semble plus logique mais la réponse "e5" donne un bon jeu aux noirs.} e5 $1 (
15... dxe4 $6 16. Ndxe4 Nxe4 17. Nxe4 $14 {[%cal Ge4d6]}) 16. dxe5 Nxe5 17.
exd5 {[%cal Ge1e7]} cxd5 18. Nb5 Bb8 19. Bd3 $13) 15... c5 16. dxc5 $6 Nxc5 17.
b4 $6 {[%csl Rc4] Trop lent et l'affaiblissement du Pc4 va permettre la
combinaison de la partie} Nce4 $36 {[%cal Gc8c2]} 18. Nd2 Nxd2 19. Qxd2 (19.
Rxd2) 19... Be5 20. Na4 $4 Ne4 21. Qc2 Bxh2+ $1 22. Kxh2 Qh4+ 23. Kg1 Qxf2+ 24.
Kh2 Rxc4 0-1

[Event "Moscow FIDE GP"]
[Site "Moscow"]
[Date "2017.05.14"]
[Round "3"]
[White "Giri, Anish"]
[Black "Vallejo Pons, Francisco"]
[Result "1/2-1/2"]
[WhiteElo "2785"]
[BlackElo "2710"]
[Annotator "Quintiliano,R"]
[PlyCount "76"]
[EventDate "2017.05.12"]
[EventType "swiss"]
[EventRounds "9"]
[EventCountry "RUS"]
[SourceTitle "CBM 179"]
[Source "ChessBase"]
[SourceDate "2017.07.12"]
[SourceVersion "1"]
[SourceVersionDate "2017.07.12"]
[SourceQuality "1"]

1. d4 d5 2. c4 e6 3. Nf3 Nf6 4. Nc3 c6 5. e3 Nbd7 6. Qc2 Bd6 7. b3 O-O 8. Be2
e5 {This move leads to many simplifications, but I think that White has
chances to play for a win in a technical position with a tiny advantage
without any risk. So it's safe to say that Black is hoping to put up a solid
defence and seek the draw.} (8... b6 {is the main line.}) 9. cxd5 cxd5 10. Nb5
Bb4+ (10... Bb8 {is bad} 11. Ba3 Re8 12. Rc1 e4 13. Nd2 Nf8 14. Nc7 Bxc7 15.
Qxc7 Qxc7 16. Rxc7 $14) 11. Bd2 Bxd2+ 12. Nxd2 a6 13. dxe5 Nxe5 14. Nd4 {
Black has simplified a lot, but in return, White has the classical position
against the isolani, with the knight occupying the good blockading square on
d4. So it's fair to say that he has practical chances.} Bg4 $1 {An interesting
point about this position: in general, the side with the isolani must avoid
exchanges, but in this case Black achieves some more space for his pieces, and
can use good squares like d3 or e4 with the knights.} ({Recently, I've played
this position and my opponent opted for overprotecting the pawn} 14... Be6 15.
O-O Rc8 16. Qb2 Nc6 17. Nxc6 Rxc6 18. Rfc1 Qb6 19. Nf3 Rfc8 20. Nd4 Rc5 21. f3
Qc7 22. Rxc5 Qxc5 23. b4 Qc3 24. Qxc3 Rxc3 25. Kf2 {Quintiliano,R (2483)
-Zapata Arbelaez,E (2202) Continental das Américas - Medellín (2.30) 1-0 and
White managed to win the endgame}) 15. Bxg4 Nfxg4 16. O-O Rc8 17. Qf5 g6 $1 {
It is good to divert White's queen from protecting the d3-square.} 18. Qf4 Re8
({With} 18... Qe7 {there's a good technical example by Beliavsky} 19. Rfd1 Nf6
20. N2f3 Nxf3+ 21. Nxf3 Rc5 22. Rac1 $1 {in his annotations for that game,
Mikhalchishin correctly indicates that in such positions it is a good strategy
exchange one pair of rooks, to decrease the opponent's counterplay} Rfc8 23.
Rxc5 Rxc5 24. h4 Rc8 (24... Rc2 25. g4 $5 $36) 25. Nd4 Ne4 26. f3 (26. h5 $5)
26... Nc3 27. Rc1 h5 $6 28. Qg5 $5 Qe8 29. a4 b5 $2 {this move allows White to
activate his passive rook} 30. axb5 axb5 31. Ra1 $1 Ra8 32. Rxa8 Qxa8 33. Qf6
$1 $16 {[%cal Yd4c6];Beliavsky,A (2609)-Perunovic,M (2614) Istanbul ol (Men)
40th 2012 (5.2) 1-0 and suddenly White has some annoying threats -}) (18... h5
$6 {is a pseudo-active idea in which I don't really believe} 19. h3 Nd3 {
Hebert,J (2410)-Kraiouchkine,N (2204) CAN-ch Montreal 2012 (2) 1/2} 20. Qg3
Nge5 $8 (20... Nf6 21. Ne6 $1) 21. N2f3 Nxf3+ 22. Qxf3 {and Black achieved
exactly nothing with his strange 18...h5?!}) 19. Rad1 {I'm pretty sure that
White would like to play this rook to c1, but this is impossible due the fork
on d3.} ({I like} 19. N2f3 Qc7 20. Nxe5 Nxe5 21. Nf3 $5 {White takes advantage
of the isolani in another interesting way: exchanging all the minor pieces and
exerting maximum pressure along the d-file} Nxf3+ 22. Qxf3 Qe5 23. Rad1 Red8
24. Rd2 Rc6 25. Rfd1 Kg7 26. h3 Rcd6 27. Rd4 $1 $14 {[%csl Gd5][%cal Yd1d2,
Yf3d1];Cyborowski,L (2532)-Kolosowski,M (2423) POL-chT1 Szklarska Poreba 2013 
(9) 1-0 sooner or later, Black is forced to play f5 in order to avoid e4. Then
White starts to pay attention to the weaknesses around the black king, which
actually was the decisive factor -}) 19... Nf6 20. Qg5 Ne4 $1 {Excellent play
by Vallejo, again inviting exchanges, but the remaining black pieces are very
active.} 21. Qxd8 Rexd8 22. N2f3 {Surprisingly, this is the first new move!} ({
Previously White played} 22. Nb1 $5 {[%csl Gc3][%cal Yf2f3] which seems
interesting, the knight stays passive for a while, but protecting c3 and
preparing f3} Kg7 23. f3 Nc3 24. Rd2 Re8 25. Kf2 Nxb1 $6 {this was not forced,
and it's bad} 26. Rxb1 Rc5 $2 27. Ne2 $1 Nc6 28. Nf4 Ne7 29. Rbd1 Rec8 30. g4 {
Enchev,I (2419)-Aginian,N (2254) Golden Sands Europe op 1st 2012 (6) 1-0 and
White is pressing -}) 22... Nxf3+ (22... Nc6 {was an option, if} 23. Nxc6 bxc6
$1 {is good for Black.}) 23. gxf3 $1 {A good decision, driving the black
knight from e4 and keeping the seventh rank under control.} (23. Nxf3 $6 Rc2
$132) 23... Nf6 $11 24. Kg2 (24. Rc1 {was another idea, fighting immediately
for the open file} Kf8 25. Rfd1 Ke7) 24... Kf8 25. Rd2 Rd7 26. b4 {White tries
to do something, but this only gives the c4-square to the black rook.} (26.
Rfd1 Rdc7 27. Ne2 Rc2 28. Nf4 Rxd2 29. Rxd2 Rc5 $11) 26... Rc4 27. Rb1 Rd6 28.
Rdb2 b6 29. Rd1 Ne8 30. b5 a5 $1 {It's important avoid open lines for the
enemy pieces, as for now Black is controlling the only open file.} (30... axb5
$2 {just would leave Black with two weaknesses and the White pieces ideally
placed to attack them} 31. Nxb5 Rd8 32. Rd3 $14 {[%csl Gb6,Gd5][%cal Yb5c3]})
31. Rc2 Rd7 $1 {[%cal Ye8d6] Playing very precisely, Black now vacates the
d6-square for the knight.} 32. Rdc1 (32. Rxc4 dxc4 33. Rc1 Rd5 (33... Nd6 34.
a4 g5 $11) 34. Rxc4 Nd6 $1) 32... Nd6 33. Rxc4 Nxc4 34. Nc6 Na3 35. Ne5 {
This can be a bit risky...} (35. Nd4 Nc4 $11) 35... Rb7 36. Rc6 $2 {But this
definitely was a mistake.} (36. Rd1 Nxb5 37. Rxd5 Nc3 38. Rd2 b5 {now seems
that Black is the one who is playing for a win with his majority in queenside,
but with some accurate moves White can equalise} 39. Nc6 $1 a4 40. Rc2 Nd5 41.
Rc5 Rc7 $1 (41... Nf6 42. Nb4 $1) 42. Rxd5 Rxc6 43. Rxb5 Rc2 $11) 36... Ke7 $1
{Black wins a pawn.} (36... Nxb5 37. a4 (37. Rxb6 $2 Rxb6 38. Nd7+ Ke7 39. Nxb6
Nc3 {[%csl Rb6] the White knight is trapped!} 40. e4 Kd6 41. exd5 Kc5 42. Nd7+
Kxd5 43. Nf6+ Kc4 44. Nxh7 Nxa2 $19 {[%csl Ga5][%cal Ga5a1]}) 37... Na7 38. Rd6
(38. Rxb6 Rxb6 39. Nd7+ Ke7 40. Nxb6 Kd6 {[%csl Gb6] trapped again...} 41. e4
d4 42. Kf1 Kc5 43. Nd5 Kc4 $19) 38... Ke7 39. Rxd5 b5 $15) 37. Ng4 Nxb5 38. Nf6
Nc7 $17 {And this very well played game by the black side suddenly ends in a
draw, but he is the only one with chances here, advancing the queenside pawns
slowly and carefully. White is in a sort of zugzwang so Black can keep things
more or less in control for a while. This game probably added more useful
defensive ideas to the black side than seeing the white side get any tangible
advantage in this variation.} ({Black was probably close to reaching the time
control in this position and did not have much time to analyse} 38... d4 $1 39.
Nd5+ (39. exd4 Nxd4 40. Nd5+ Kd7 41. Rxb6 (41. Rf6 b5 $1) 41... Rxb6 42. Nxb6+
Kc6 43. Nc4 Kb5 {the black king is coming very quickly to win the a2-pawn} 44.
Nd6+ Kb4 45. Nxf7 a4 46. Ne5 Ka3 $19) 39... Kd7 40. Rf6 (40. Rxb6 Rxb6 41.
Nxb6+ Kc6 42. Nc4 a4 43. Kf1 Kc5 44. Ne5 Kb4 $19) 40... Nc3 $1 41. Nxb6+ (41.
Rxf7+ Kc6 42. Rxb7 Kxb7 43. Nf4 Nxa2 $19) 41... Ke7 42. Rc6 Nxa2 43. Nd5+ Kd7
44. Rc5 d3 45. Nf4 $8 Rb3 46. Rxa5 Nb4 47. Ra1 Kc6 $17 {[%csl Gd3] Black
definitely has good chances in this endgame.}) 1/2-1/2

[Event "Cappelle op 31st"]
[Site "Cappelle la Grande"]
[Date "2015.03.02"]
[Round "4"]
[White "Wagner, Dennis"]
[Black "Bluebaum, Matthias"]
[Result "1/2-1/2"]
[WhiteElo "2523"]
[BlackElo "2571"]
[Annotator "RR"]
[PlyCount "42"]
[EventDate "2015.02.28"]
[EventType "swiss"]
[EventRounds "9"]
[EventCountry "FRA"]
[SourceTitle "EXT 2016"]
[Source "ChessBase"]
[SourceDate "2015.10.08"]
[SourceVersion "1"]
[SourceVersionDate "2015.10.08"]
[SourceQuality "1"]

1. d4 d5 2. c4 c6 3. Nc3 Nf6 4. e3 e6 5. Nf3 Nbd7 6. Qc2 Bd6 7. b3 O-O 8. Be2 (
8. Bb2) (8. Bd3) 8... Qe7 9. O-O b6 10. Bb2 Bb7 11. Rad1 Rad8 12. Rfe1 Rfe8 13.
e4 (13. Bf1 {[%cal Ge3e4]} dxc4 14. bxc4 e5 15. g3 exd4 16. exd4 Qf8 17. Bg2
Rxe1+ 18. Rxe1 Re8 19. Rd1 Qe7 20. Nh4 Qd8 21. Nf5 Bf8 22. d5 cxd5 23. Nxd5
Nxd5 24. cxd5 Ne5 25. Nd4 Qc8 26. Nc6 Bd6 27. h3 f6 28. Qb3 Qa8 29. Ba3 Bxa3
30. d6+ Kh8 31. Nxe5 fxe5 32. Bxb7 Qxb7 33. d7 Rd8 34. Qxa3 h6 35. Qe7 Qc7 36.
Rd6 e4 37. Qe8+ Kh7 38. Qxe4+ Kh8 39. Qe5 Qc1+ 40. Kg2 Qg5 41. Qe8+ Kh7 42. h4
{1-0 (42) Korobov,A (2673)-Georgiev,K (2626) Bilbao 2014}) 13... dxe4 14. Nxe4
Nxe4 15. Qxe4 Nf6 16. Qc2 Bb4 17. Rf1 Ba3 18. Ne5 $146 (18. Rd3 Bxb2 19. Qxb2
c5 20. Rfd1 Rd6 21. dxc5 Rxd3 22. Rxd3 Qxc5 23. Ne5 Be4 24. Rd1 Ba8 25. b4 Qe7
26. Qd2 Rc8 27. a3 Kf8 28. Qd4 Bc6 29. Rd3 Be4 30. Rd2 Bc6 31. Bd1 Be8 32. Bf3
Qc7 33. Qf4 Qe7 34. Qd4 Qc7 35. h4 Ke7 36. Qf4 Ng8 37. Bc6 f6 38. Bd7 fxe5 39.
Qg5+ {1/2-1/2 (39) Miton,K (2648)-Sandipan,C (2563) Ottawa 2007}) 18... Bxb2
19. Qxb2 c5 $11 20. dxc5 Qxc5 21. b4 Qc7 1/2-1/2

[Event "URS-chT Cup 11th"]
[Site "Rostov on Don"]
[Date "1980.05.??"]
[Round "6"]
[White "Dorfman, Josif D"]
[Black "Dolmatov, Sergey"]
[Result "1/2-1/2"]
[WhiteElo "2540"]
[BlackElo "2535"]
[Annotator "RR"]
[PlyCount "64"]
[EventDate "1980.05.23"]
[EventType "team-tourn"]
[EventRounds "7"]
[EventCountry "URS"]
[SourceTitle "EXT 2020"]
[Source "ChessBase"]
[SourceDate "2019.10.17"]
[SourceVersion "1"]
[SourceVersionDate "2019.10.17"]
[SourceQuality "1"]
[WhiteTeam "Soviet Army"]
[BlackTeam "Burevestnik"]
[WhiteTeamCountry "URS"]
[BlackTeamCountry "URS"]

1. c4 c6 2. d4 d5 3. Nf3 Nf6 4. Nc3 e6 5. e3 Nbd7 6. Qc2 Bd6 7. e4 dxe4 8. Nxe4
Nxe4 9. Qxe4 c5 (9... Bb4+ 10. Bd2 Bxd2+ 11. Nxd2 $14 {[%csl Rc8];Stoltz,
G-Bogoljubow,E Belgrade 1952 1-0}) (9... e5 10. dxe5 O-O $1 {[%csl Re4][%cal
Gf8e8]} 11. exd6 $1 Re8 12. Qxe8+ Qxe8+ 13. Be3 $44 {Dorfman,J (2540)
-Sveshnikov,E (2570) URS-ch FL48 Tashkent 1980 1-0}) 10. Bg5 Nf6 (10... Be7 11.
Bxe7 Qa5+ $5) 11. Qh4 cxd4 12. O-O-O e5 13. Bd3 h6 14. Rhe1 $36 {[%csl Re8]}
O-O 15. Bxh6 $1 gxh6 16. Qxh6 Re8 17. Ng5 $16 Be6 $1 (17... Bf8 $4 18. Bh7+ Kh8
19. Nxf7#) 18. Bh7+ Nxh7 19. Qxh7+ Kf8 20. Qh6+ Ke7 21. Nxe6 Rh8 $1 22. Nxd8
Rxh6 23. Nxb7 Kd7 (23... Rb8 24. Rxd4 Rxb7 25. c5 Bc7 26. h3 Rf6 27. f3 Rg6 28.
g4 Rb5 $17) 24. Nxd6 Kxd6 25. f4 f6 26. g4 Rxh2 27. Rd2 Rh4 28. Re4 Rg8 29.
Rde2 Rgxg4 30. fxe5+ fxe5 31. Rxe5 d3 32. Rd5+ Kc6 1/2-1/2

[Event "Rohde op 09th"]
[Site "Sautron"]
[Date "2009.10.27"]
[Round "5"]
[White "Milanovic, Danilo"]
[Black "Pruess, David"]
[Result "1-0"]
[WhiteElo "2533"]
[BlackElo "2389"]
[Annotator "RR"]
[PlyCount "47"]
[EventDate "2009.10.24"]
[EventType "swiss"]
[EventRounds "9"]
[EventCountry "FRA"]
[SourceTitle "EXT 2010"]
[Source "ChessBase"]
[SourceDate "2010.11.25"]
[SourceVersion "1"]
[SourceVersionDate "2010.11.25"]
[SourceQuality "1"]
[TimeControl "6000"]
[WhiteClock "0:00:36"]
[BlackClock "0:00:38"]

1. c4 {01h40} e6 {01h33} 2. Nc3 d5 3. d4 c6 4. e3 Nf6 5. Nf3 Nbd7 {01h34} 6.
Qc2 Bd6 7. g4 $1 h6 (7... dxc4 {la grande ligne de la variante KRASENKOW}) 8.
h3 b5 ({RR} 8... e5 9. Bd2 O-O 10. dxe5 Nxe5 11. Nxe5 Bxe5 12. O-O-O Qe7 13.
Kb1 dxc4 14. Bxc4 Bxc3 15. Bxc3 Be6 16. Bxe6 Qxe6 17. Bxf6 Qxf6 18. Rd7 Qf3 19.
Rhd1 Qxh3 20. Qf5 b6 21. a3 a5 22. Rc7 b5 23. Rxc6 {Jakovenko,D (2742)-Leko,P 
(2762)/Nanjing 2009/Mega2009 Update 40/1/2-1/2 (40)}) ({RR} 8... a6 9. Bd2 b5
10. c5 Bc7 11. g5 hxg5 12. Nxg5 e5 13. O-O-O e4 14. Rg1 Qe7 15. f3 exf3 16. Bd3
b4 17. Na4 Kf8 18. Rdf1 Bh2 19. Rh1 Bg3 20. e4 f2 21. e5 Nh5 22. h4 f6 23. e6 {
Milanovic,D (2529)-Shumiakina,T (2351)/Paleochora 2008/CBM 125 Extra/1-0 (42)})
9. c5 $146 ({RR} 9. cxb5 c5 10. Bd2 Bb7 11. Bg2 Rc8 12. O-O g5 13. Ne5 Nxe5 14.
dxe5 Bxe5 15. f4 gxf4 {1/2-1/2 Bosiocic,M (2549)-Grachev,B (2653)/Rijeka 2008/
Mega2009 Update 01}) 9... Bc7 10. Bd2 {01h13} e5 $1 {01h29} 11. O-O-O {un plan
agressif} O-O 12. g5 hxg5 13. Nxg5 Re8 14. Rg1 {[%cal Gg1g7]} Nf8 15. dxe5 {
01h01} Rxe5 {01h09} 16. f4 $1 $14 Re8 17. Ne2 {[%csl Gd4][%cal Ge2d4]} a5 (
17... Ne6 $142) 18. Nd4 $36 Bd7 19. Bd3 b4 $6 (19... a4 {[%cal Ga4a3]}) 20. Rg2
{48} (20. h4 {[%cal Gh4h6,Gg1g8]}) 20... a4 {38} 21. Rdg1 {[%csl Rg7][%cal
Gg5f7,Gg2g7]} g6 $2 (21... Qe7 22. Nh7) 22. Nxf7 $1 Kxf7 23. Bxg6+ Ke7 24. Bf5
1-0